Clique para traduzir - Espanhol - Statistics

Estatísticas Gerais
  • Esse quiz foi jogado 78 vezes
  • A pontuação média é 17 de 20
Estatísticas das Respostas
Hint Resposta % Correto
Céu Cielo
96%
Televisão Televisión
96%
Cavalo Caballo
95%
Escola Escuela
95%
Homem Hombre
95%
Manhã Mañana
95%
Cem Ciento
93%
Mãe Madre
93%
Olho Ojo
91%
Árvore Árbol
89%
Cão Perro
89%
Vermelho Rojo
88%
Chapéu Sombrero
84%
Janeiro Enero
82%
Chuva Lluvia
82%
Maçã Manzana
82%
Rua Calle
77%
Janela Ventana
77%
Brinquedo Juguete
70%
Tapete Alfombra
61%
Nenhum quiz correspondente encontrado
Distribuição das Pontuações
Porcentagem de Pessoas com Cada Pontuação
Percentil de Números Respondidos
Sua Pontuação Histórica
Você não jogou esse quiz